000 00814cab a2200301 4500
001 WB2909-31
008 090401t1993 xxu||||| |||| 00| 0 eng d
035 _a(Sirsi) u63102
041 _aeng
245 _aHitting the roof over reform
260 _c1993
350 _a0
490 _aFinancial Times
_v3 March 1993, 18(2)
520 _aDiscussion of the pros and cons of reform of commercial leases continues.
650 _a25-YEAR LEASES
650 _aBANK OF ENGLAND
650 _aINSTITUTIONAL INVESTORS
650 _aLEASE REFORM
650 _aLEASE STRUCTURE
650 _aLEASES
650 _aPRIVITY OF CONTRACT
650 _aREFORM
650 _aRENT REVIEWS
650 _aUPWARD ONLY RENT REVIEWS
690 _aPROPERTY-LANDLORD AND TENANT
942 _n0
948 _c04/03/1997
999 _c39227
_d39227